000 00295nam a2200121Ia 4500
005 20251222143249.0
008 251222s9999||||xx |||||||||||||| ||spa||
020 _a84-8239-896-2
082 _a838.9/W77J
100 _a"Wohl, Louis de"
245 0 _aJuana de Arco: La chica soldado
942 _cLIB
999 _c14876
_d14876